000 00480nam a2200157 4500
001 111010
003 ES-MaACL
005 20230906185225.0
007 t|
008 061121s1951 sp r ||||1| spa d
100 1 _aNadal, Joaquín María de.
_984796
245 1 3 _aUn ` tros` de Barcelona
_b: Caldetas 1800 /
_cJoaquín María de Nadal Ferrer.
260 _aBarcelona :
_bDalmau y Jover,
_c1951.
300 _a249 p. 25 láms. ;
_c25 cm.
852 _aES-MaACL
_jD-7336
_bR.32087
999 _c111010
_d111010